| 000 | 00937nam a2200277 a 4500 | ||
|---|---|---|---|
| 001 | 000012295 | ||
| 005 | 20200929162801.0 | ||
| 008 | 091110s2000 sp 000 f spa d | ||
| 020 | _a8466300945 | ||
| 040 |
_aDO-SdBNP _bspa _cBNPHU |
||
| 041 | 1 | 7 |
_aspa _heng _2Código de idioma MARC |
| 082 |
_aPe863.44 _bC346L |
||
| 100 | 1 |
_aCastañeda, Carlos, _d19?5-1998. _928954 |
|
| 240 | 1 | 4 |
_aThe active side of infinity. _lEspañol |
| 245 | 1 | 3 |
_aEl lado activo del infinito / _cCarlos Castañeda ; traducción de Margarita Nieto. |
| 260 |
_a[España] : _bSuma de Letras, _c2000. |
||
| 300 |
_a379, [3] p. ; _c19 cm. |
||
| 490 | 1 | _aBiblioteca de Bolsillo | |
| 534 |
_pTítulo original en Inglés: _tThe active side of infinity |
||
| 650 | 4 |
_aNovela peruana _912569 |
|
| 650 | 4 |
_aLiteratura peruana _ySIGLO XX _914789 |
|
| 700 | 1 |
_aNieto, Margarita, _etr. _928955 |
|
| 830 | 0 |
_aBiblioteca de Bolsillo _95816 |
|
| 910 | _aWM | ||
| 049 | _aBNGR | ||
| 999 |
_c11952 _d11952 |
||